00240 a2200109 4500082001000000100001800010245004600028250000800074260002300082300000900105500001600114 a338.5 aVarian,Hal R. aIntermediate MicroeconomicscHal R.Varian a6th aLondonbW.W.Norton a688p aPaper cover